Romans verse by verse. (Record no. 16970)

000 -LEADER
fixed length control field 00628nam a2200193 a 4500
001 - CONTROL NUMBER
control field :::00020325$&:&@@
003 - CONTROL NUMBER IDENTIFIER
control field OkBaRHE
005 - DATE AND TIME OF LATEST TRANSACTION
control field 20110906210909.0
008 - FIXED-LENGTH DATA ELEMENTS--GENERAL INFORMATION
fixed length control field s1941 g 000 0 eng u
040 ## - CATALOGING SOURCE
Transcribing agency
050 ## - LIBRARY OF CONGRESS CALL NUMBER
Classification number BS 2665 .N44 1938
100 1# - MAIN ENTRY--PERSONAL NAME
Personal name Newell, William Reed. 1868-
9 (RLIN) 1234
245 10 - TITLE STATEMENT
Title Romans verse by verse.
260 ## - PUBLICATION, DISTRIBUTION, ETC. (IMPRINT)
Place of publication, distribution, etc Chicago, IL., :
Name of publisher, distributor, etc Grace Publications, Inc.
Date of publication, distribution, etc 1941
300 ## - PHYSICAL DESCRIPTION
Extent 590 p. ;
Dimensions 20 cm.
650 ## - SUBJECT ADDED ENTRY--TOPICAL TERM
Topical term or geographic name as entry element Bible New Testament Romans
General subdivision Commentaries
9 (RLIN) 1235
942 ## - ADDED ENTRY ELEMENTS (KOHA)
Source of classification or shelving scheme
Koha item type Books
Copies
Withdrawn status Full call number Source of classification or shelving scheme Lost status Shelving location Date acquired Koha item type Copy number Not for loan Permanent Location Damaged status Price effective from Date last seen Barcode
 BS 2665 .N44 1938  General Stacks2010-04-14Books1 RHEMA Bible Training College 2010-04-142018-03-2820325